| 000 | 00000nas 2200000za 4500 |
| 001 | 9.826551 |
| 003 | CaOODSP |
| 005 | 20221107144619 |
| 007 | cr ||||||||||| |
| 008 | 161028d20142018oncar pso||||f0 a0eng|d |
| 040 | |aCaOODSP|beng |
| 043 | |an-cn--- |
| 086 | 1 |aDG2-5E-PDF |
| 110 | 1 |aCanada. |bMilitary Grievances External Review Committee. |
| 245 | 10|a.... annual reports on the Access to Information Act and the Privacy Act |h[electronic resource]. |
| 260 | |a[Ottawa] : |bMilitary Grievances External Review Committee |
| 310 | |aAnnual |
| 362 | 1 |aBegan with 2014-2015; ceased with 2017-2018. |
| 500 | |aIssued also in French under title: Rapports annuel de ... sur la Loi sur l’accès à l’information et sur la Loi sur la protection des renseignements personnels. |
| 515 | |aIssues for 2016/2017-2017-2018 available in HTML only. |
| 692 | 07|2gccst|aAccess to information |
| 692 | 07|2gccst|aPrivacy |
| 692 | 07|2gccst|aComplaints |
| 692 | 07|2gccst|aMilitary personnel |
| 775 | 08|tRapports annuel [i.e. annuels] de ... sur la Loi sur l'accès à l'information et sur la Loi sur la protection des renseignements personnels |w(CaOODSP)9.826554 |
| 785 | 00|tAnnual report on the Access to Information Act.|w(CaOODSP)9.903547 |
| 785 | 00|tAnnual report on the Privacy Act.|w(CaOODSP)9.903549 |
| 856 | 40|qHTML|sN/A|uhttps://www.canada.ca/en/military-grievances-external-review/corporate/annual-reports-access-information-act-privacy-act.html |